Handbook of fuel cell technology/ (Record no. 11870)
[ view plain ]
| 000 -LEADER | |
|---|---|
| fixed length control field | 00772cam a22002171 4500 |
| 001 - CONTROL NUMBER | |
| control field | 759206 |
| 005 - DATE AND TIME OF LATEST TRANSACTION | |
| control field | 20030110090158.0 |
| 008 - FIXED-LENGTH DATA ELEMENTS--GENERAL INFORMATION | |
| fixed length control field | 700928s1968 njua b 000 0 eng |
| 010 ## - LIBRARY OF CONGRESS CONTROL NUMBER | |
| LC control number | 68019035 |
| 040 ## - CATALOGING SOURCE | |
| Original cataloging agency | DLC |
| Transcribing agency | DLC |
| Modifying agency | DLC |
| 050 00 - LIBRARY OF CONGRESS CALL NUMBER | |
| Classification number | TK2931 |
| Item number | .B45 |
| 082 00 - DEWEY DECIMAL CLASSIFICATION NUMBER | |
| Classification number | 621.359 |
| Edition number | 22 |
| Item number | FUE |
| 100 1# - MAIN ENTRY--PERSONAL NAME | |
| Personal name | Berger, Carl, |
| Dates associated with a name | Aug. 12, 1925- |
| Relator term | comp. |
| 9 (RLIN) | 6323 |
| 245 10 - TITLE STATEMENT | |
| Title | Handbook of fuel cell technology/ |
| Statement of responsibility, etc | Editor Carl Berger |
| 260 ## - PUBLICATION, DISTRIBUTION, ETC. (IMPRINT) | |
| Place of publication, distribution, etc | Englewood Cliffs, N.J.: |
| Name of publisher, distributor, etc | Prentice-Hall, |
| Date of publication, distribution, etc | 1968 |
| 300 ## - PHYSICAL DESCRIPTION | |
| Extent | xv, 607 p. |
| Other physical details | illus. |
| Dimensions | 24 cm. |
| 504 ## - BIBLIOGRAPHY, ETC. NOTE | |
| Bibliography, etc | Includes bibliographical references. |
| 650 #0 - SUBJECT ADDED ENTRY--TOPICAL TERM | |
| Topical term or geographic name as entry element | Fuel cells. |
| 9 (RLIN) | 6324 |
| 942 ## - ADDED ENTRY ELEMENTS (KOHA) | |
| Source of classification or shelving scheme | Dewey Decimal Classification |
| Item type | Book - Borrowing |
| Withdrawn status | Item status | Source of classification or shelving scheme | Damaged status | Not for loan | Vendor | Home library | Current library | Shelving location | Date acquired | Source of acquisition | Cost, normal purchase price | Total Checkouts | Full call number | Barcode | Date last seen | Koha item type |
|---|---|---|---|---|---|---|---|---|---|---|---|---|---|---|---|---|
| Dewey Decimal Classification | Alef-Baa | Central Library | Central Library | First floor | 17/06/2009 | 150.00 | 621.359 FUE | 000016836 | 15/07/2025 | Book - Borrowing |